[Event "Perak UTP-ch U1800"]
[Site "Perak"]
[Date "2025.06.15"]
[Round "5"]
[White "Lim, Jia Yhu"]
[Black "Suresh, Sachiv"]
[Result "0-1"]
[WhiteElo "1552"]
[BlackElo "1446"]
[PlyCount "64"]
[EventDate "2025.06.14"]
[EventType "swiss"]
[EventRounds "7"]
[EventCountry "MAS"]
[SourceTitle "CB25_2025"]
[SourceDate "2025.06.18"]
[SourceVersion "1"]
[SourceVersionDate "2025.06.18"]
[SourceQuality "1"]

1. e4 e5 2. Nf3 Nc6 3. Bb5 Nf6 4. 0-0 Be7 5. Re1 d6 6. c3 0-0 7. h3 a6 8. Ba4 b5 9. Bb3 Bb7 10. d4 exd4 11. cxd4 h6 12. Nc3 Re8 13. Bf4 Nh5 14. Bh2 Bf8 15. e5 Na5 16. Bc2 dxe5 17. dxe5 Qxd1 18. Bxd1 g6 19. Be2 Ng7 20. Rad1 Rad8 21. Nd4 Bc5 22. Nc2 Nc6 23. Bf3 Ba8 24. Nd5 Rf8 25. Nxc7 Bb7 26. Nxa6 Bxa6 27. Bxc6 Rc8 28. Be4 Ne6 29. b4 Ba7 30. Re2 Rc3 31. Rd6 Bc8 32. Bd5 Nd4 0-1